MARC details
| 000 -LEADER |
| campo de control de longitud fija |
01359nam a22003017a 4500 |
| 003 - IDENTIFICADOR DE NÚMERO DE CONTROL |
| campo de control |
OSt |
| 005 - FECHA Y HORA DE LA ÚLTIMA TRANSACCIÓN |
| campo de control |
20230503170304.0 |
| 008 - DATOS DE LONGITUD FIJA--INFORMACIÓN GENERAL |
| campo de control de longitud fija |
221006b |||||||| |||| 00| 0 eng d |
| 040 ## - FUENTE DE CATALOGACIÓN |
| Centro/agencia transcriptor |
Biblioteca Lado V |
| 082 ## - NÚMERO DE LA CLASIFICACIÓN DECIMAL DEWEY |
| Número de clasificación |
709.05 |
| Número de ítem |
R643f |
| 100 ## - ENTRADA PRINCIPAL--NOMBRE DE PERSONA |
| 9 (RLIN) |
825 |
| Nombre de persona |
Roberts, James |
| Término indicativo de función/relación |
editor |
| 245 ## - MENCIÓN DEL TÍTULO |
| Título |
Frieze/ |
| Resto del título |
Contemporary Art And Culture/ |
| 260 ## - PUBLICACIÓN, DISTRIBUCIÓN, ETC. |
| Nombre del editor, distribuidor, etc. |
Durian Publications Ltd. |
| Lugar de publicación, distribución, etc. |
Inglaterra |
| Fecha de publicación, distribución, etc. |
2005 |
| 300 ## - DESCRIPCIÓN FÍSICA |
| Dimensiones |
23x30cm |
| Extensión |
124p. |
| 366 ## - INFORMACIÓN SOBRE DISPONIBILIDAD COMERCIAL |
| Nota |
eng |
| 490 ## - MENCIÓN DE SERIE |
| Mención de serie |
90 |
| Designación de volumen o secuencia |
2005 |
| 505 ## - NOTA DE CONTENIDO CON FORMATO |
| Título |
FRONT |
| Nota de contenido con formato |
State of the Art<br/><br/>Letters<br/><br/>Informant<br/><br/>View from the bridge<br/><br/>Laughter tears<br/><br/>Books<br/><br/>Debate<br/><br/>Events<br/><br/>I am a cinematographer<br/> |
| 505 ## - NOTA DE CONTENIDO CON FORMATO |
| Título |
MIDDLE |
| Nota de contenido con formato |
Welcome to the Real World<br/><br/>Good Circulation<br/><br/>Taking a Line for a Walk<br/><br/>Don't Fence Me in<br/><br/>Shirana Shabazi<br/><br/>Matthew Brannon<br/><br/>Margaret Salmon<br/><br/>Knut Henrik Henriksen<br/><br/>City Report: Moscow<br/><br/>Questionnaire |
| 505 ## - NOTA DE CONTENIDO CON FORMATO |
| Título |
BACK |
| 650 ## - PUNTO DE ACCESO ADICIONAL DE MATERIA--TÉRMINO DE MATERIA |
| Fuente del encabezamiento o término |
Tesauro de Arte & Arquitectura |
| Término de materia o nombre geográfico como elemento de entrada |
ARTE |
| 9 (RLIN) |
703 |
| 650 ## - PUNTO DE ACCESO ADICIONAL DE MATERIA--TÉRMINO DE MATERIA |
| Fuente del encabezamiento o término |
Tesauro de Arte & Arquitectura |
| Término de materia o nombre geográfico como elemento de entrada |
EXPOSICIONES |
| 650 ## - PUNTO DE ACCESO ADICIONAL DE MATERIA--TÉRMINO DE MATERIA |
| Fuente del encabezamiento o término |
Tesauro de Arte & Arquitectura |
| Término de materia o nombre geográfico como elemento de entrada |
CULTURA |
| 650 ## - PUNTO DE ACCESO ADICIONAL DE MATERIA--TÉRMINO DE MATERIA |
| Fuente del encabezamiento o término |
Tesauro de Arte & Arquitectura |
| Término de materia o nombre geográfico como elemento de entrada |
APRECIACION |
| 650 ## - PUNTO DE ACCESO ADICIONAL DE MATERIA--TÉRMINO DE MATERIA |
| Fuente del encabezamiento o término |
Tesauro de Arte & Arquitectura |
| Término de materia o nombre geográfico como elemento de entrada |
TEORIA |
| 650 ## - PUNTO DE ACCESO ADICIONAL DE MATERIA--TÉRMINO DE MATERIA |
| Fuente del encabezamiento o término |
Tesauro de Arte & Arquitectura |
| Término de materia o nombre geográfico como elemento de entrada |
ARTE CONTEMPORANEO |
| 650 ## - PUNTO DE ACCESO ADICIONAL DE MATERIA--TÉRMINO DE MATERIA |
| Fuente del encabezamiento o término |
Tesauro de Arte & Arquitectura |
| Término de materia o nombre geográfico como elemento de entrada |
INGLATERRA |
| 942 ## - ELEMENTOS DE ENTRADA SECUNDARIOS (KOHA) |
| Fuente del sistema de clasificación o colocación |
Clasificación Decimal Dewey |
| Tipo de ítem Koha |
Libros |
| Parte de la signatura que corresponde a la clasificación (Parte de la clasificación) |
709.05 |
| Parte de la signatura que identifica el ejemplar (Parte del ítem) |
R643f |
| Suprimir en OPAC |
No |